Statistics for Biggest Counties in California

Click here to take the quiz!

General Stats

  • This quiz has been taken 40 times
  • The average score is 8 of 10

Answer Stats

PopulationCounty% Correct
10,170,292Los Angeles
97%
3,299,521San Diego
97%
3,169,776Orange
89%
1,501,335Sacramento
83%
974,861Fresno
77%
2,361,026Riverside
74%
2,128,133San Bernardino
74%
1,638,215Alameda
71%
1,126,745Contra Costa
63%
1,918,044Santa Clara
63%

Score Distribution

Percentile by Number Answered

Percent of People with Each Score

Your Score History

You have not taken this quiz